[Event "Marianske Lazne IM-B1 22nd"]
[Site "Marianske Lazne"]
[Date "2024.01.18"]
[Round "7"]
[White "Ni, Viktorija"]
[Black "Jurek, Josef"]
[Result "1/2-1/2"]
[WhiteElo "2138"]
[BlackElo "2242"]
[PlyCount "99"]
[EventDate "2024.01.13"]
[EventType "tourn"]
[EventRounds "9"]
[EventCountry "CZE"]
[EventCategory "1"]
[SourceTitle "CB04_2024"]
[SourceDate "2023.10.16"]
[SourceVersion "1"]
[SourceVersionDate "2023.10.16"]
[SourceQuality "1"]

1. d4 e6 2. Nf3 c5 3. g3 cxd4 4. Nxd4 d5 5. Bg2 Nf6 6. 0-0 e5 7. Nb3 Be6 8. Nc3 Bb4 9. Bg5 Bxc3 10. bxc3 Nbd7 11. f4 Qb6+ 12. Kh1 Ne4 13. f5 Nxg5 14. fxe6 fxe6 15. Qd2 h6 16. c4 Ne4 17. Bxe4 dxe4 18. Rad1 0-0-0 19. c5 Qc6 20. Qa5 Nf6 21. Qxa7 Qa6 22. Qxa6 bxa6 23. Na5 Rd5 24. Rxd5 exd5 25. Rb1 Nd7 26. c6 Nc5 27. Nb7 Nxb7 28. Rxb7 Rf8 29. Re7 Rf2 30. Rxe5 Rxe2 31. Rxd5 Kc7 32. Rc5 e3 33. Kg1 Rd2 34. Kf1 Rxh2 35. Rc3 Rf2+ 36. Ke1 Rg2 37. Rxe3 Kxc6 38. Rc3+ Kd5 39. Kf1 Rh2 40. Kg1 Rd2 41. Rc7 Ke4 42. Rxg7 Rxc2 43. Rg6 Rxa2 44. Rxh6 Kf3 45. Rf6+ Kxg3 46. Kf1 a5 47. Ke1 a4 48. Kd1 a3 49. Kc1 Ra1+ 50. Kc2 1/2-1/2

[Event "Prague Mencik Memorial 6th"]
[Site "Prague"]
[Date "2023.09.24"]
[Round "4"]
[White "Jurek, Josef"]
[Black "Konopka, Michal"]
[Result "1/2-1/2"]
[WhiteElo "2158"]
[BlackElo "2381"]
[PlyCount "57"]
[EventDate "2023.09.24"]
[EventType "swiss"]
[EventRounds "9"]
[EventCountry "CZE"]
[SourceTitle "EXT 2024"]
[Source "ChessBase"]
[SourceDate "2023.10.10"]
[SourceVersion "1"]
[SourceVersionDate "2023.10.10"]
[SourceQuality "1"]

1. Nf3 d5 2. d4 Nf6 3. c4 dxc4 4. e3 g6 5. Bxc4 Bg7 6. h3 0-0 7. 0-0 Ne8 8. Nc3 Nd6 9. Bd3 Nd7 10. Qe2 c5 11. d5 Nb6 12. e4 e5 13. Bg5 Qe8 14. Nb5 Nxb5 15. Bxb5 Bd7 16. a4 Nc8 17. Bxd7 Qxd7 18. Be3 b6 19. a5 Nd6 20. Nd2 Rfc8 21. axb6 axb6 22. Ra6 Qb7 23. Rfa1 Bf8 24. b3 f6 25. R1a2 Rxa6 26. Qxa6 Qxa6 27. Rxa6 b5 28. Rc6 Rxc6 29. dxc6 1/2-1/2

[Event "Prague Mencik Memorial 6th"]
[Site "Prague"]
[Date "2023.09.24"]
[Round "2"]
[White "Jurek, Josef"]
[Black "Zanikov, Melikset"]
[Result "1-0"]
[WhiteElo "2158"]
[BlackElo "1878"]
[PlyCount "123"]
[EventDate "2023.09.24"]
[EventType "swiss"]
[EventRounds "9"]
[EventCountry "CZE"]
[SourceTitle "EXT 2024"]
[Source "ChessBase"]
[SourceDate "2023.10.10"]
[SourceVersion "1"]
[SourceVersionDate "2023.10.10"]
[SourceQuality "1"]

1. Nf3 d5 2. d4 Nf6 3. c4 dxc4 4. e3 b5 5. a4 c6 6. axb5 cxb5 7. b3 e6 8. bxc4 bxc4 9. Bxc4 Bb4+ 10. Bd2 Bxd2+ 11. Nbxd2 0-0 12. 0-0 Nbd7 13. Qe2 Nb6 14. Bd3 Nfd5 15. Nb3 Nd7 16. Na5 Qb6 17. Rfc1 N7f6 18. Ne5 Bd7 19. Nxd7 Nxd7 20. Nc4 Qb4 21. Rcb1 Qe7 22. Rb7 N5b6 23. Ne5 Qd6 24. Nxd7 Nxd7 25. Ra6 Qd5 26. Qf3 Qxf3 27. gxf3 Nf6 28. Raxa7 Rxa7 29. Rxa7 Rd8 30. Kg2 g6 31. f4 Kg7 32. Kf3 h5 33. Be4 Nxe4 34. Kxe4 Rc8 35. h4 Rc1 36. Kf3 Rh1 37. Kg3 Rd1 38. Ra3 Kf6 39. Kg2 Rd2 40. Ra1 Rd3 41. Kf3 Rb3 42. Rd1 Rc3 43. d5 exd5 44. Rxd5 Ke6 45. Re5+ Kf6 46. Re8 Rb3 47. Ra8 Rc3 48. Rd8 Rb3 49. Ke4 Rb2 50. f3 Rh2 51. Rd6+ Kg7 52. Ke5 Rxh4 53. f5 g5 54. f6+ Kg6 55. Rd8 g4 56. f4 Rh1 57. Rg8+ Kh7 58. Rg7+ Kh8 59. Rxf7 g3 60. Rg7 Rg1 61. Rg5 g2 62. f7 1-0

[Event "Nepomuk 3rd"]
[Site "Nepomuk"]
[Date "2023.09.05"]
[Round "5"]
[White "Jurek, Josef"]
[Black "Perkampus, Laurin"]
[Result "1/2-1/2"]
[WhiteElo "2253"]
[BlackElo "2144"]
[PlyCount "30"]
[EventDate "2023.08.31"]
[EventType "tourn"]
[EventRounds "9"]
[EventCountry "CZE"]
[SourceTitle "EXT 2024"]
[Source "ChessBase"]
[SourceDate "2023.10.10"]
[SourceVersion "1"]
[SourceVersionDate "2023.10.10"]
[SourceQuality "1"]

1. Nf3 Nf6 2. c4 g6 3. d4 Bg7 4. g3 c6 5. Bg2 d5 6. cxd5 cxd5 7. Ne5 0-0 8. Nc3 Bf5 9. 0-0 Ne4 10. Qb3 Nc6 11. Nxc6 bxc6 12. Nxe4 Bxe4 13. f3 Bf5 14. Be3 Rb8 15. Qc3 c5 1/2-1/2

[Event "Nepomuk 3rd"]
[Site "Nepomuk"]
[Date "2023.08.31"]
[Round "1"]
[White "Jurek, Josef"]
[Black "Priehoda, Vitezslav"]
[Result "1/2-1/2"]
[WhiteElo "2253"]
[BlackElo "2254"]
[PlyCount "31"]
[EventDate "2023.08.31"]
[EventType "tourn"]
[EventRounds "9"]
[EventCountry "CZE"]
[SourceTitle "EXT 2024"]
[Source "ChessBase"]
[SourceDate "2023.10.10"]
[SourceVersion "1"]
[SourceVersionDate "2023.10.10"]
[SourceQuality "1"]

1. Nf3 d5 2. d4 e6 3. c4 Nf6 4. Bg5 Be7 5. Nc3 0-0 6. e3 h6 7. Bh4 Ne4 8. Bxe7 Qxe7 9. Rc1 c6 10. Bd3 Nxc3 11. Rxc3 Nd7 12. 0-0 dxc4 13. Bxc4 e5 14. Qc2 e4 15. Nd2 Nf6 16. f3 1/2-1/2

[Event "Pardubice rapid op 34th"]
[Site "Pardubice"]
[Date "2023.07.20"]
[Round "4"]
[White "Jurek, Josef"]
[Black "Kuznecova, Marija"]
[Result "1-0"]
[WhiteElo "2251"]
[BlackElo "1967"]
[PlyCount "51"]
[EventDate "2023.07.19"]
[EventType "swiss (rapid)"]
[EventRounds "9"]
[EventCountry "CZE"]
[SourceTitle "CBM 215 Extra"]
[Source "ChessBase"]
[SourceDate "2023.09.30"]
[SourceVersion "1"]
[SourceVersionDate "2023.09.30"]
[SourceQuality "1"]

1. Nf3 d5 2. c4 d4 3. b4 f6 4. d3 e5 5. Qb3 a5 6. b5 c5 7. g3 b6 8. Bg2 Bb7 9. 0-0 Ra7 10. e4 dxe3 11. Bxe3 Ne7 12. Nc3 g6 13. Ne4 Bg7 14. Nxc5 bxc5 15. Bxc5 Ra8 16. d4 0-0 17. dxe5 fxe5 18. Rad1 Qe8 19. Bd6 Kh8 20. Nxe5 Bxg2 21. Kxg2 Rf5 22. Qe3 Nc8 23. Bxb8 Rxb8 24. Nc6 Qxe3 25. fxe3 Rxf1 26. Kxf1 1-0

[Event "Pardubice rapid op 34th"]
[Site "Pardubice"]
[Date "2023.07.20"]
[Round "8"]
[White "Jurek, Josef"]
[Black "Migalko, Dmitriy"]
[Result "1-0"]
[WhiteElo "2251"]
[BlackElo "1507"]
[PlyCount "59"]
[EventDate "2023.07.19"]
[EventType "swiss (rapid)"]
[EventRounds "9"]
[EventCountry "CZE"]
[SourceTitle "CBM 215 Extra"]
[Source "ChessBase"]
[SourceDate "2023.09.30"]
[SourceVersion "1"]
[SourceVersionDate "2023.09.30"]
[SourceQuality "1"]

1. Nf3 d5 2. d4 c6 3. c4 Nf6 4. Qc2 e6 5. g3 Be7 6. Bg2 0-0 7. 0-0 Nbd7 8. b3 b6 9. Rd1 Ba6 10. Nbd2 Rc8 11. e4 dxe4 12. Nxe4 Nxe4 13. Qxe4 Nf6 14. Qe2 Qc7 15. Bb2 Bb7 16. c5 bxc5 17. dxc5 Nd5 18. Rac1 Qa5 19. a3 Rfd8 20. Qc2 Bf6 21. b4 Qc7 22. Bxf6 Nxf6 23. Ng5 a5 24. Ne4 Nxe4 25. Qxe4 axb4 26. axb4 Ba6 27. Qxc6 Qa7 28. b5 h6 29. Rxd8+ Rxd8 30. bxa6 1-0

[Event "Pardubice rapid op 34th"]
[Site "Pardubice"]
[Date "2023.07.19"]
[Round "2"]
[White "Jurek, Josef"]
[Black "Yun, Hungi"]
[Result "0-1"]
[WhiteElo "2251"]
[BlackElo "1696"]
[PlyCount "80"]
[EventDate "2023.07.19"]
[EventType "swiss (rapid)"]
[EventRounds "9"]
[EventCountry "CZE"]
[SourceTitle "CBM 215 Extra"]
[Source "ChessBase"]
[SourceDate "2023.09.30"]
[SourceVersion "1"]
[SourceVersionDate "2023.09.30"]
[SourceQuality "1"]

1. Nf3 d5 2. c4 d4 3. b4 c5 4. e3 Nf6 5. Bb2 Bg4 6. Qb3 Bxf3 7. gxf3 e5 8. bxc5 Qd7 9. Bh3 Qc6 10. exd4 exd4 11. Bxd4 Be7 12. 0-0 0-0 13. Nc3 Nbd7 14. Nd5 Bxc5 15. Bxf6 Nxf6 16. d4 Nxd5 17. cxd5 Qg6+ 18. Kh1 Bxd4 19. Rad1 Be5 20. Qxb7 Qh6 21. Kg2 Rab8 22. Qd7 Rb6 23. Qf5 Rg6+ 24. Kh1 Rg5 25. Qd7 Rh5 26. Kg2 Qf4 27. Rh1 f5 28. Rde1 Rg5+ 29. Kf1 Qxf3 30. Qe6+ Kh8 31. Rxe5 Qxh1+ 32. Ke2 Qxh2 33. Qe7 Rg8 34. Bxf5 Qh5+ 35. Kf1 Rxf5 36. Rxf5 Qxf5 37. d6 Qf8 38. Qc7 Qb8 39. Qe7 Rd8 40. d7 Qb5+ 0-1

[Event "Klatovy op-A 29th"]
[Site "Klatovy"]
[Date "2023.07.02"]
[Round "2"]
[White "Jurek, Josef"]
[Black "Martirosyan, David"]
[Result "1-0"]
[WhiteElo "2251"]
[BlackElo "1997"]
[PlyCount "49"]
[EventDate "2023.07.01"]
[EventType "swiss"]
[EventRounds "9"]
[EventCountry "CZE"]
[SourceTitle "CBM 215 Extra"]
[Source "ChessBase"]
[SourceDate "2023.09.30"]
[SourceVersion "1"]
[SourceVersionDate "2023.09.30"]
[SourceQuality "1"]

1. c4 e6 2. g3 d5 3. Bg2 dxc4 4. Qa4+ Nd7 5. Qxc4 a6 6. Qc2 Ra7 7. Nf3 c5 8. d3 b5 9. a4 Qb6 10. 0-0 Bb7 11. Bf4 Ra8 12. axb5 axb5 13. Rxa8+ Bxa8 14. Na3 Ngf6 15. Qb3 Bc6 16. Ne5 Nxe5 17. Bxe5 Nd5 18. Nc4 Qd8 19. Ra1 bxc4 20. dxc4 Ne7 21. Bxc6+ Nxc6 22. Qb5 Qd7 23. Ra8+ Nd8 24. Bc7 Qxb5 25. Rxd8+ 1-0

[Event "Klatovy op-A 29th"]
[Site "Klatovy"]
[Date "2023.07.01"]
[Round "1"]
[White "Novak, Vaclav2222"]
[Black "Jurek, Josef"]
[Result "1/2-1/2"]
[WhiteElo "1948"]
[BlackElo "2251"]
[PlyCount "57"]
[EventDate "2023.07.01"]
[EventType "swiss"]
[EventRounds "9"]
[EventCountry "CZE"]
[SourceTitle "CBM 215 Extra"]
[Source "ChessBase"]
[SourceDate "2023.09.30"]
[SourceVersion "1"]
[SourceVersionDate "2023.09.30"]
[SourceQuality "1"]

1. e4 c5 2. Nf3 e6 3. d4 cxd4 4. Nxd4 Nc6 5. c3 Nf6 6. Nd2 d5 7. exd5 Nxd4 8. Qa4+ Qd7 9. Qxd4 Qxd5 10. Qxd5 Nxd5 11. Bb5+ Bd7 12. Bxd7+ Kxd7 13. 0-0 Be7 14. Nf3 Bf6 15. Bg5 Bxg5 16. Nxg5 f6 17. Ne4 Rac8 18. Rad1 Ke7 19. Rfe1 Rhd8 20. g3 g5 21. Rd2 h6 22. Rde2 Rc6 23. Nd2 Kf7 24. Nb3 e5 25. Rd2 b6 26. Red1 Ke6 27. Re1 Kf7 28. Red1 Ke6 29. Re1 1/2-1/2

[Event "Marianske Lazne IM-B2 21st"]
[Site "Marianske Lazne"]
[Date "2023.01.21"]
[Round "9"]
[White "Jurek, Josef"]
[Black "Mica, Marek"]
[Result "1/2-1/2"]
[WhiteElo "2230"]
[BlackElo "2244"]
[PlyCount "78"]
[EventDate "2023.01.14"]
[EventType "tourn"]
[EventRounds "9"]
[EventCountry "CZE"]
[SourceTitle "CBM 212 Extra"]
[Source "ChessBase"]
[SourceDate "2023.03.31"]
[SourceVersion "1"]
[SourceVersionDate "2023.03.31"]
[SourceQuality "1"]

1. d4 Nf6 2. Nf3 d5 3. c4 e6 4. e3 a6 5. b3 c5 6. cxd5 Nxd5 7. Bb2 Nd7 8. Be2 Be7 9. 0-0 0-0 10. Nc3 Nxc3 11. Bxc3 b5 12. dxc5 Nxc5 13. Qxd8 Rxd8 14. Ba5 Re8 15. Rac1 Bb7 16. Nd4 Rac8 17. Bf3 Bxf3 18. Nxf3 Ne4 19. Nd4 Ba3 20. Rc2 e5 21. Nc6 g6 22. Re1 Kg7 23. Ree2 Re6 24. Nd8 Rxd8 25. Bxd8 Rd6 26. Ba5 b4 27. g3 Rd5 28. Bc7 f6 29. Kg2 Rd1 30. f3 Nc3 31. Red2 Ra1 32. Bd8 Kf7 33. Rd6 f5 34. Rcd2 e4 35. f4 Bc1 36. Rd7+ Kf8 37. R2d6 Rxa2+ 38. Kf1 Bxe3 39. Bg5 Rf2+ 1/2-1/2

[Event "Marianske Lazne IM-B2 21st"]
[Site "Marianske Lazne"]
[Date "2023.01.17"]
[Round "4"]
[White "Garsky, Vladyslav"]
[Black "Jurek, Josef"]
[Result "1-0"]
[WhiteElo "2169"]
[BlackElo "2230"]
[PlyCount "61"]
[EventDate "2023.01.14"]
[EventType "tourn"]
[EventRounds "9"]
[EventCountry "CZE"]
[SourceTitle "CBM 212 Extra"]
[Source "ChessBase"]
[SourceDate "2023.03.31"]
[SourceVersion "1"]
[SourceVersionDate "2023.03.31"]
[SourceQuality "1"]

1. e4 e6 2. d4 d5 3. e5 c5 4. c3 Nc6 5. Nf3 Bd7 6. Bd3 cxd4 7. cxd4 Qb6 8. 0-0 Nxd4 9. Nbd2 Ne7 10. Nxd4 Qxd4 11. Nf3 Qb6 12. Be3 Qa5 13. b4 Qxb4 14. Rb1 Qa4 15. Qe2 Nf5 16. Rxb7 Nxe3 17. fxe3 a6 18. Ng5 Be7 19. Nxf7 Rf8 20. Qh5 Qc6 21. Bxh7 Qc5 22. Nd6+ Kd8 23. Rxf8+ Bxf8 24. Qf7 Qxe3+ 25. Kf1 Qc1+ 26. Kf2 Qd2+ 27. Kf3 Qc3+ 28. Kg4 Qd4+ 29. Kh3 Qe3+ 30. g3 Qh6+ 31. Kg4 1-0

[Event "Marianske Lazne IM-B2 21st"]
[Site "Marianske Lazne"]
[Date "2023.01.17"]
[Round "5"]
[White "Jurek, Josef"]
[Black "Besou, Hussain"]
[Result "1/2-1/2"]
[WhiteElo "2230"]
[BlackElo "2288"]
[PlyCount "116"]
[EventDate "2023.01.14"]
[EventType "tourn"]
[EventRounds "9"]
[EventCountry "CZE"]
[SourceTitle "CBM 212 Extra"]
[Source "ChessBase"]
[SourceDate "2023.03.31"]
[SourceVersion "1"]
[SourceVersionDate "2023.03.31"]
[SourceQuality "1"]

1. Nf3 d5 2. d4 Nf6 3. c4 e6 4. Bg5 Be7 5. Nc3 0-0 6. e3 h6 7. Bh4 b6 8. Be2 dxc4 9. Bxc4 Bb7 10. 0-0 Nbd7 11. Qe2 Ne4 12. Nxe4 Bxe4 13. Bg3 Bd6 14. Rfd1 Bxg3 15. hxg3 Qe7 16. Rac1 c5 17. Bb5 Nf6 18. dxc5 bxc5 19. Nd2 Bd5 20. e4 Bb7 21. e5 Nd5 22. Ne4 a6 23. Bd3 Nb4 24. Bb1 Bd5 25. a3 Nc6 26. Nxc5 Rfd8 27. b4 Qg5 28. Re1 h5 29. Qe3 Qxe3 30. Rxe3 Nd4 31. Be4 a5 32. Bxd5 Rxd5 33. Na4 Rb5 34. Nc3 Rb7 35. Ne2 Nxe2+ 36. Rxe2 axb4 37. axb4 Rxb4 38. Rce1 Kh7 39. Re4 Ra1 40. Kh2 Rxe1 41. Rxe1 Kg6 42. Re3 Rb2 43. f3 Kf5 44. Kh3 Rb4 45. Ra3 Rb1 46. Kh2 Rb7 47. Ra4 g5 48. Ra5 Rd7 49. Ra8 Kxe5 50. Rh8 f5 51. Rxh5 Rg7 52. Rh6 Kd5 53. Rf6 g4 54. f4 Rc7 55. Rf8 Ke4 56. Ra8 Rc2 57. Ra3 Re2 58. Ra6 Kd5 1/2-1/2

[Event "CZE-chT2C 2223"]
[Site "Czech Republic"]
[Date "2023.01.08"]
[Round "6.3"]
[White "Jurek, Josef"]
[Black "Machacek, Jan"]
[Result "1-0"]
[WhiteElo "2206"]
[BlackElo "2016"]
[PlyCount "49"]
[EventDate "2022.10.16"]
[EventType "team-tourn"]
[EventRounds "11"]
[EventCountry "CZE"]
[SourceTitle "EXT 2024"]
[Source "ChessBase"]
[SourceDate "2023.10.10"]
[SourceVersion "1"]
[SourceVersionDate "2023.10.10"]
[SourceQuality "1"]
[WhiteTeam "Vysehrad"]
[BlackTeam "Liberec"]
[WhiteTeamCountry "CZE"]
[BlackTeamCountry "CZE"]

1. Nf3 Nf6 2. c4 e6 3. g3 d5 4. Bg2 Be7 5. 0-0 0-0 6. d4 dxc4 7. Ne5 Nc6 8. Nxc6 bxc6 9. Na3 Bxa3 10. bxa3 Ba6 11. Qd2 c3 12. Qxc3 Bxe2 13. Re1 Bb5 14. a4 Bxa4 15. Qb4 Bb5 16. a4 Ba6 17. Ba3 Re8 18. Bxc6 Rb8 19. Qa5 Bb7 20. Bxe8 Nxe8 21. Rab1 Ba8 22. Qc5 Nd6 23. Qxa7 Rc8 24. Bxd6 cxd6 25. Rec1 1-0

[Event "CZE-chT2C 2223"]
[Site "Czech Republic"]
[Date "2022.12.04"]
[Round "4.3"]
[White "Jurek, Josef"]
[Black "Sykora, Marek1111"]
[Result "1-0"]
[WhiteElo "2206"]
[BlackElo "2246"]
[PlyCount "165"]
[EventDate "2022.10.16"]
[EventType "team-tourn"]
[EventRounds "11"]
[EventCountry "CZE"]
[SourceTitle "EXT 2024"]
[Source "ChessBase"]
[SourceDate "2023.10.10"]
[SourceVersion "1"]
[SourceVersionDate "2023.10.10"]
[SourceQuality "1"]
[WhiteTeam "Vysehrad"]
[BlackTeam "Turnov Zikuda II"]
[WhiteTeamCountry "CZE"]
[BlackTeamCountry "CZE"]

1. Nf3 d5 2. d4 Nf6 3. c4 c6 4. Qc2 e6 5. g3 Nbd7 6. Bg2 Bd6 7. Nbd2 0-0 8. 0-0 Qe7 9. Re1 b6 10. e4 dxe4 11. Nxe4 Nxe4 12. Qxe4 Bb7 13. Bg5 Qe8 14. Ne5 Nxe5 15. dxe5 Be7 16. Be3 Rd8 17. Qg4 Kh8 18. Be4 Rd7 19. Rad1 c5 20. b3 Rxd1 21. Rxd1 Qa8 22. Bxb7 Qxb7 23. Bg5 h6 24. Bxe7 Qxe7 25. Qf4 Kg8 26. Qd2 f6 27. exf6 Qxf6 28. Qe3 Qf5 29. Rd2 Rf6 30. Kg2 Kh7 31. h3 Rf7 32. Rd6 Re7 33. a3 Qc2 34. Rd3 Qb2 35. Qe4+ Kg8 36. Rd8+ Kf7 37. Qf3+ Kg6 38. Qe4+ Kf7 39. h4 Re8 40. Rxe8 Kxe8 41. Qa8+ Kf7 42. Qxa7+ Kf6 43. Qxb6 Qxa3 44. Qd8+ Kf7 45. Qd7+ Kf6 46. Qd3 Qb4 47. h5 Ke7 48. Qe3 Qb7+ 49. Qf3 Qb8 50. Qc3 Kf7 51. Qe3 Qb6 52. g4 Kg8 53. f4 Qd6 54. g5 hxg5 55. fxg5 Kf7 56. Qf3+ Ke8 57. g6 Qe5 58. Kh3 Kd8 59. Kg4 Qd4+ 60. Kh3 Qe5 61. Kg2 Qg5+ 62. Kf1 Qc1+ 63. Kf2 Qd2+ 64. Qe2 Qf4+ 65. Ke1 Ke7 66. Kd1 Qd4+ 67. Kc2 Qa1 68. Qf3 Qa2+ 69. Kd1 Qb1+ 70. Ke2 Qc2+ 71. Kf1 Qc1+ 72. Kg2 Qg5+ 73. Kh3 Kd7 74. Qf7+ Kd6 75. Qf8+ Kc6 76. Qf3+ Kd7 77. Qf7+ Kd6 78. Qf8+ Kc6 79. Qxg7 Qe3+ 80. Kg4 Qg1+ 81. Kh4 Qf2+ 82. Kg5 Qe3+ 83. Kf6 1-0

[Event "Wch Seniors 65 30th"]
[Site "Assisi"]
[Date "2022.11.19"]
[Round "5"]
[White "Santos, Julio Fernandes"]
[Black "Jurek, Josef"]
[Result "0-1"]
[WhiteElo "1748"]
[BlackElo "2211"]
[PlyCount "102"]
[EventDate "2022.11.15"]
[EventType "swiss"]
[EventRounds "11"]
[EventCountry "ITA"]
[SourceTitle "CBM 211 Extra"]
[Source "ChessBase"]
[SourceDate "2023.01.31"]
[SourceVersion "1"]
[SourceVersionDate "2023.01.31"]
[SourceQuality "1"]

1. e4 c5 2. Nf3 e6 3. d4 cxd4 4. Qxd4 Nc6 5. Qe3 Nf6 6. h3 d5 7. exd5 Nxd5 8. Qb3 Be7 9. Bb5 0-0 10. Bxc6 bxc6 11. 0-0 Ba6 12. c4 Nb6 13. Nbd2 Qd6 14. Qc2 Rfd8 15. b3 c5 16. Ne4 Qd3 17. Qxd3 Rxd3 18. Ne5 Rd4 19. f3 Rc8 20. Be3 Rdd8 21. Rad1 Rxd1 22. Rxd1 Bb7 23. Nxc5 Rxc5 24. Rd8+ Bxd8 25. Bxc5 f6 26. Nd3 Kf7 27. Kf2 e5 28. Nc1 g6 29. Be3 Be7 30. a4 Ke6 31. a5 Nc8 32. Nd3 e4 33. Nc5+ Bxc5 34. Bxc5 exf3 35. gxf3 g5 36. Kg3 a6 37. f4 gxf4+ 38. Kxf4 Nd6 39. Bf2 h5 40. h4 Nf7 41. Ke3 Ne5 42. Kd4 f5 43. Bg3 Nd7 44. b4 Bc6 45. Bf4 Bf3 46. Bh2 Be2 47. Bf4 Nf8 48. Kc5 Ng6 49. Bg3 f4 50. Bf2 Ne5 51. b5 Nd3+ 0-1

[Event "Wch Seniors 65 30th"]
[Site "Assisi"]
[Date "2022.11.16"]
[Round "2"]
[White "Jurek, Josef"]
[Black "Bray, David"]
[Result "1-0"]
[WhiteElo "2211"]
[BlackElo "2008"]
[PlyCount "157"]
[EventDate "2022.11.15"]
[EventType "swiss"]
[EventRounds "11"]
[EventCountry "ITA"]
[SourceTitle "CBM 211 Extra"]
[Source "ChessBase"]
[SourceDate "2023.01.31"]
[SourceVersion "1"]
[SourceVersionDate "2023.01.31"]
[SourceQuality "1"]

1. Nf3 Nf6 2. c4 e6 3. Nc3 d5 4. d4 Be7 5. Bf4 c6 6. e3 0-0 7. h3 Nbd7 8. Qc2 b6 9. Be2 Bb7 10. 0-0 Rc8 11. cxd5 Nxd5 12. Nxd5 exd5 13. Rac1 c5 14. dxc5 Nxc5 15. Qb1 Bd6 16. Bxd6 Qxd6 17. Rfd1 Qf6 18. Nd4 Ne4 19. Bf3 a6 20. Qd3 g6 21. Qe2 Qe5 22. Qe1 Qe7 23. Rxc8 Rxc8 24. Rc1 Rxc1 25. Qxc1 Qc5 26. Qxc5 bxc5 27. Nb3 Ng5 28. Nxc5 Nxf3+ 29. gxf3 Bc8 30. h4 Kf8 31. b4 Ke7 32. Nb3 Kd6 33. f4 Bd7 34. Nd4 Bh3 35. a4 Bd7 36. a5 Bc8 37. Kf1 f6 38. Ke1 Bd7 39. Kd2 Bc8 40. Kd3 Bd7 41. Kc3 Be8 42. Nb3 Bb5 43. Kd4 Ba4 44. Nc1 Bb5 45. Na2 Ba4 46. Nc3 Bc6 47. f3 f5 48. Ne2 Bb5 49. Nc1 Bc6 50. Nd3 Bd7 51. Nc5 Bb5 52. e4 dxe4 53. fxe4 fxe4 54. Nxe4+ Ke6 55. Ng5+ Kf5 56. Nxh7 Kxf4 57. Nf8 Kf5 58. Kc5 Bd3 59. Nd7 Bb5 60. Nf8 Bd3 61. Kb6 Bb5 62. Kb7 Be2 63. Nd7 Kg4 64. Ne5+ Kf5 65. Nc6 Kg4 66. Ne7 Kh5 67. Kb6 Bf1 68. Kc5 Bd3 69. Kd4 Be2 70. Nd5 Bf1 71. Nf4+ Kxh4 72. Nxg6+ Kg5 73. Ne5 Kf6 74. Nc6 Ke6 75. Kc5 Kd7 76. Kb6 Kc8 77. Ne7+ Kb8 78. Nd5 Bc4 79. Nc7 1-0

[Event "Pilsen Region-chT 2223"]
[Site "Czech Republic"]
[Date "2022.10.30"]
[Round "2.3"]
[White "Jurek, Josef"]
[Black "Hubka, Roland"]
[Result "1-0"]
[WhiteElo "2206"]
[BlackElo "1868"]
[PlyCount "76"]
[EventDate "2022.10.09"]
[EventType "team-tourn"]
[EventRounds "11"]
[EventCountry "CZE"]
[SourceTitle "EXT 2024"]
[Source "ChessBase"]
[SourceDate "2023.10.10"]
[SourceVersion "1"]
[SourceVersionDate "2023.10.10"]
[SourceQuality "1"]
[WhiteTeam "Dvorec"]
[BlackTeam "Plzen Kosutka"]
[WhiteTeamCountry "CZE"]
[BlackTeamCountry "CZE"]

1. Nf3 e6 2. c4 Nf6 3. g3 b6 4. Bg2 Bb7 5. 0-0 Be7 6. d4 c5 7. d5 exd5 8. Nh4 0-0 9. Nc3 Na6 10. cxd5 d6 11. Nf5 Re8 12. Nxe7+ Qxe7 13. Re1 Nc7 14. e4 Nfxd5 15. Nxd5 Nxd5 16. h4 Rab8 17. h5 Nc7 18. h6 Ne6 19. hxg7 Qf6 20. Rb1 Rbd8 21. b4 Nxg7 22. Qa4 a6 23. Bf4 Qg6 24. Qc2 Nh5 25. Bd2 Nf6 26. bxc5 Bxe4 27. Bxe4 Nxe4 28. cxb6 Rc8 29. Qd3 Nxd2 30. Qxd2 Rxe1+ 31. Rxe1 Rb8 32. Qd4 h5 33. b7 Kh7 34. Qa7 h4 35. Qxb8 hxg3 36. Qh8+ Kxh8 37. b8Q+ Kg7 38. Qb2+ f6 1-0